| Tag |
First Indicator |
Second Indicator |
Subfields |
| LEADER |
00000cam a2200000 i 4500 |
| 001 |
in00004540468 |
| 005 |
20230207201340.0 |
| 006 |
m o d |
| 007 |
cr cn||||||||| |
| 008 |
200331s2020 njua ob 000 0 eng |
| 010 |
|
|
|a 2020015264
|
| 020 |
|
|
|a 9781630916602
|q (web)
|
| 020 |
|
|
|a 1630916609
|
| 020 |
|
|
|a 9781630916596
|q (epub)
|
| 020 |
|
|
|a 1630916595
|
| 020 |
|
|
|z 9781630916589
|q (hardcover)
|
| 035 |
|
|
|a (OCoLC)on1149323801
|
| 035 |
|
|
|a (OCoLC)1149323801
|
| 040 |
|
|
|a DLC
|b eng
|e rda
|e pn
|c DLC
|d YDX
|d EBLCP
|d N$T
|d OCLCF
|d DLC
|d OCLCO
|d OCLCA
|d OCLCQ
|d OCLCO
|d OCLCQ
|
| 060 |
|
4 |
|a WB 460
|b L4383 2020eb
|
| 245 |
0 |
0 |
|a Learning to lead in physical therapy /
|c editor, Jennifer Green-Wilson ; associate editor, Stacey Zeigler.
|
| 264 |
|
1 |
|a Thorofare, N.J. :
|b SLACK Incorporated,
|c [2020]
|
| 264 |
|
4 |
|c ©2020
|
| 300 |
|
|
|a 1 online resource :
|b illustrations
|
| 336 |
|
|
|a text
|b txt
|2 rdacontent
|
| 337 |
|
|
|a computer
|b c
|2 rdamedia
|
| 338 |
|
|
|a online resource
|b cr
|2 rdacarrier
|
| 504 |
|
|
|a Includes bibliographical references.
|
| 505 |
0 |
|
|a At the Core of Leadership : Your Authentic Self -- Discovering Your Influence and Capacity to Become an Effective Personal Leader -- Developing Your Leadership Style -- Learning to Lead Through Mentorship and Coaching -- Communicating Effectively : Using the Language of Leadership -- Teamwork and Collaboration : Sharing a Vision to Engage, Empower, and Energize Teams -- Leading Diversity : Becoming an Inclusive Leader -- Leading Through Conflict -- Leading Change -- Ethical Leadership and Decision Making -- Leading by Serving.
|
| 650 |
|
0 |
|a Physical therapists.
|
| 650 |
|
0 |
|a Leadership.
|
| 650 |
|
2 |
|a Leadership.
|
| 650 |
|
2 |
|a Physical Therapists.
|
| 700 |
1 |
|
|a Green-Wilson, Jennifer,
|e editor.
|
| 700 |
1 |
|
|a Zeigler, Stacey,
|e editor.
|
| 856 |
4 |
0 |
|u http://proxy.library.tamu.edu/login?url=https://ebookcentral.proquest.com/lib/tamum-ebooks/detail.action?docID=6236206
|z Connect to the full text of this electronic book
|t 0
|
| 948 |
|
|
|h HELD BY TMV - 71 OTHER HOLDINGS
|
| 994 |
|
|
|a Z0
|b TMV
|
| 999 |
f |
f |
|s 63d10514-6286-387c-b8e7-2ece4bfd0817
|i 9dddb279-ce40-3ef0-91b6-d2cc0ddf688c
|t 0
|
| 952 |
f |
f |
|a Texas A&M University
|b College Station
|c Electronic Resources
|d Available Online
|t 0
|e WB 460 L4383 2020eb
|h National Library of Medicine classification
|
| 998 |
f |
f |
|a WB 460 L4383 2020eb
|t 0
|l Available Online
|